000 00776nam a22002417a 4500
005 20260417130648.0
008 260417b |||||||| |||| 00| 0 eng d
020 _a978-93-5849-501-0
_c350
040 _aMAIN
041 _aasm
082 _a371.26
_bDEK
100 _aDeka, N.
_qDr. Nabanita
245 _aশিক্ষাত প​ৰিমাপণ আৰু মূল্য়ায়ন​​ / Shikhyat Porimapon aru Mulyayon
_bMeasurement and Evaluation in Education
250 _a1st Ed.
260 _aDibrugarh
_bPradyut Hazarika, Banalata
_c2026
300 _a398p. ;
_c18 x 25 cm
650 _aEducation
700 _bBorah, Jyotirekha
700 _bBuragohain, Rimarekha
700 _bGohain, Bituraj
700 _bSaikia, Pallabi
942 _2ddc
_cBK
999 _c16361
_d16361